Do the best you can (Record no. 71607)
[ view plain ]
| 000 -LEADER | |
|---|---|
| fixed length control field | 01338cam a2200217 4500 |
| 001 - CONTROL NUMBER | |
| control field | ABS66143 |
| 008 - FIXED-LENGTH DATA ELEMENTS--GENERAL INFORMATION | |
| fixed length control field | 021120n2002 000 0 eng u |
| 035 ## - SYSTEM CONTROL NUMBER | |
| System control number | (Sirsi) u120530 |
| 100 ## - MAIN ENTRY--PERSONAL NAME | |
| Personal name | Redmond, J. |
| 245 ## - TITLE STATEMENT | |
| Title | Do the best you can |
| 260 ## - PUBLICATION, DISTRIBUTION, ETC. | |
| Date of publication, distribution, etc. | 2002 |
| 490 ## - SERIES STATEMENT | |
| Series statement | Building |
| Volume/sequential designation | 267(8258) 8 November 2002, 5(1) |
| 520 ## - SUMMARY, ETC. | |
| Summary, etc. | Examines the options open to adjudicators when there is no time to review the evidence. Argues that few adjudications fit the pattern orginally envisaged by Sir Michael Latham and the old habit of simply getting on with the case has continued. The result is often that many disputes are left over for negotiation at the final account. Outlines an option from "Balfour Beatty Construction Ltd v Lambeth LBC" which recommends that the adjudicator should decline to make a decision and resign in the case of parties not wishing to extend the time sufficiently. Recommends that the adjudicator should give each party a proper chance to explain its case and then make a decision. |
| 590 ## - LOCAL NOTE (RLIN) | |
| Local note | ABS |
| 650 ## - SUBJECT ADDED ENTRY--TOPICAL TERM | |
| Topical term or geographic name entry element | MANAGEMENT-DISPUTE AVOIDANCE, MANAGEMENT AND RESOLUTION-DISPUTE MANAGEMENT AND RESOLUTION-ALTERNATIVE DISPUTE RESOLUTION-ADJUDICATION |
| 650 ## - SUBJECT ADDED ENTRY--TOPICAL TERM | |
| Topical term or geographic name entry element | BALFOUR BEATTY CONSTRUCTION LTD V LAMBETH LBC |
| 650 ## - SUBJECT ADDED ENTRY--TOPICAL TERM | |
| Topical term or geographic name entry element | DISPUTE |
| 650 ## - SUBJECT ADDED ENTRY--TOPICAL TERM | |
| Topical term or geographic name entry element | ARBITRATORS |
| 690 ## - LOCAL SUBJECT ADDED ENTRY--TOPICAL TERM (OCLC, RLIN) | |
| Topical term or geographic name as entry element | Dispute resolution |
| 9 (RLIN) | 6236 |
| 942 ## - ADDED ENTRY ELEMENTS (KOHA) | |
| Suppress in OPAC | 0 |
| Withdrawn status | Lost status | Source of classification or shelving scheme | Damaged status | Not for loan | Home library | Current library | Shelving location | Date acquired | Total Checkouts | Full call number | Barcode | Date last seen | Copy number | Price effective from | Koha item type |
|---|---|---|---|---|---|---|---|---|---|---|---|---|---|---|---|
| Dewey Decimal Classification | London | London | Journals | 20/11/2002 | ABS66143 | 120530-1001 | 06/08/2019 | 1 | 06/08/2019 | Journal article |